[Event "Budapest Spring Festival 2018"]
[Site "Budapest"]
[Date "2018.04.23"]
[Round "6"]
[White "Horvath, Adam"]
[Black "Yankelevich, Lev"]
[Result "1/2-1/2"]
[WhiteElo "2486"]
[BlackElo "2411"]
[Annotator "TA"]
[PlyCount "78"]
[EventDate "2018.??.??"]
[EventType "swiss"]
[EventCountry "HUN"]
[SourceTitle "playchess.com"]
[Source "ChessBase"]
[SourceQuality "1"]

{[%evp 10,78,38,40,41,41,41,10,4,0,1,6,45,0,-12,0,-11,0,-9,-23,19,0,0,0,0,0,0,-5,-15,-41,-35,-34,-29,-36,-16,-49,-13,-33,-20,-78,-73,-73,-74,-92,-100,-81,-81,-133,-84,-108,-127,-181,-109,-124,-118,-160,-76,-137,-102,-166,-38,-145,-7,-205,-208,-204,-203,-197,0,0,0]} 1. e4 e5 2. Nf3 Nc6 3. Bc4 Nf6 4. d3 h6 5. h3 d6 6. c3 {LiveBook: 6 Games. C55: Two Knights: 4 d3, 4 d4 exd4 5 e5 and Max Lange Attack} (6. a4 g6 7. a5 Bg7 8. Nc3 Be6 9. a6 b6 10. Nd5 Bxd5 11. exd5 Ne7 12. Bb5+ Nd7 13. g4 {½-½ (26) Krupenski,J (2396)-Sepp,O (2436) Viljandi 2016}) 6... g5 7. Nbd2 {[%cal Bb1d2,Bd2f1,Bf1g3,Bg3f5][%mdl 32]} Bg7 8. Nf1 {White is slightly better.} d5 $146 ({Predecessor:} 8... O-O 9. Ng3 Ne7 10. Nh2 c6 11. Ng4 d5 12. Nxf6+ Bxf6 13. Bb3 Bg7 {0-1 (60) Barmagambetov,M (1998)-Schitco,I (2297) Moscow 2017}) 9. exd5 Nxd5 10. Ng3 Rg8 11. d4 (11. Qb3 $14 Na5 12. Qa4+ Nc6 13. O-O) 11... exd4 $11 {Threatening ...Nb6.} 12. O-O Be6 13. Re1 Qd7 $1 14. Nf5 (14. cxd4 {is interesting.} O-O-O 15. Ne4 a6 16. Nc5 Qd6 17. Nxe6 fxe6 18. Re4) 14... Nde7 (14... O-O-O {is more complex.} 15. Nxg7 Rxg7 16. Bb5 Nf4 17. Nxd4 Qd5) 15. Bxe6 (15. Nxe7 {looks sharper.} Nxe7 16. Bxg5 hxg5 17. Rxe6 O-O-O 18. Re4) 15... fxe6 16. N3xd4 Bxd4 17. Nxd4 Nxd4 18. cxd4 O-O-O 19. Qg4 Nf5 20. Be3 Qf7 21. Rac1 Rd5 22. Qe4 Rgd8 23. Rc2 c6 24. f3 (24. b3 $11 {keeps the balance.}) 24... Nd6 $1 $17 {[%cal Rd6e4]} 25. Qd3 e5 $1 $36 {[%mdl 2048] Black is on the roll.} 26. Rc5 Nf5 $1 27. Rxd5 Rxd5 28. Qa3 ({White should try} 28. Bd2) 28... exd4 29. Bf2 a6 30. g4 {[#]} (30. Qd3 $17) 30... Nd6 (30... Nh4 $1 $19 {[%cal Rh4f3]} 31. Re7 Qf6 32. Bxh4 gxh4 33. Re8+ Kc7 34. Qe7+ Qxe7 35. Rxe7+ Kd6) 31. Bg3 Qg6 32. Rd1 Kb8 (32... Qc2 $142 33. Qd3 Qxd3 34. Rxd3 c5) 33. Qb4 ({Better is} 33. Qa4) 33... Qf6 34. Rd3 (34. Kg2 $17) 34... c5 ({Black should play} 34... Ka7 $19 {Hoping for ...c5.} 35. b3 c5) 35. Qb6 {[#]} (35. Qb3 $15 Qe6 36. Qb6) 35... c4 (35... Kc8 $1 $17 36. Rb3 Qe7 37. Bxd6 Rxd6 38. Qxc5+ Qc7) 36. Rd2 $2 (36. Ra3 $11 {and White has nothing to worry.} d3 37. Rxa6) 36... d3 $19 37. Rd1 Kc8 38. Kg2 Kd7 $2 (38... Ne8 $19 39. Qb4 b5) 39. Bxd6 $1 $11 Qxd6 {Precision: White = 28%, Black = 50%.} 1/2-1/2

[Event "Budapest Spring Festival 2018"]
[Site "Budapest"]
[Date "2018.04.23"]
[Round "6"]
[White "Reshef, Omer"]
[Black "Sedlak, Nikola"]
[Result "1/2-1/2"]
[WhiteElo "2482"]
[BlackElo "2604"]
[Annotator "TA"]
[PlyCount "168"]
[EventDate "2018.??.??"]
[EventType "swiss"]
[EventCountry "HUN"]
[SourceTitle "playchess.com"]
[Source "ChessBase"]
[SourceQuality "1"]

{[%evp 10,168,7,0,0,0,-4,-7,-2,0,0,0,0,0,0,-7,-10,-13,0,-8,0,0,0,0,0,-26,-37,-43,0,0,0,-81,-79,-101,-70,-84,-40,-61,0,0,-11,-37,-13,-41,-34,-57,-28,-4,0,-26,-13,-25,-26,-52,0,0,0,0,0,0,0,0,0,0,212,125,125,125,125,125,127,125,125,130,197,189,227,227,227,227,227,227,227,227,306,271,271,271,271,271,287,312,312,312,312,312,29977,29978,29977,29978,29977,29976,29976,271,271,0,0,0,0,0,0,0,0,0,0,0,0,0,0,0,0,0,0,0,0,0,0,0,0,0,0,0,0,0,0,0,0,0,0,0,0,0,0,0,0,0,0,0,0,0,0,0,0,0,0,0,0,0,0,0,2]} 1. e4 c6 2. d4 d5 3. e5 c5 4. dxc5 e6 5. Be3 Nd7 6. c4 {LiveBook: 4 Games. B12: Caro-Kann: Advance Variation} (6. Nf3 Ne7 7. c4 dxc4 8. Bxc4 Nf5 9. Bf4 Bxc5 10. O-O O-O 11. Nc3 Nb6 12. Bd3 Bd7 13. Ne4 Be7 {½-½ (33) Liu,Q (2502)-Li,C (2720) China 2017}) 6... Bxc5 7. Bxc5 Nxc5 8. cxd5 exd5 9. Nf3 Ne7 10. Bb5+ Bd7 11. Bxd7+ Qxd7 12. O-O O-O 13. Nc3 Rfd8 14. Ne2 $146 Ne6 15. Ned4 Nc6 16. Re1 Rac8 {[%cal Ba8c8,Bc8c4,Bc4e4][%mdl 32]} 17. Qd2 Ncxd4 18. Nxd4 Rc4 (18... Qa4 $5 {[%cal Ra4d4]} 19. Nxe6 fxe6 $11) 19. Nf5 Nf4 20. Ne3 (20. Nd6 $11 Qg4 21. f3) 20... Re4 $17 21. Nf1 {[%cal Be3f1,Bf1g3,Bg3f5,Bf5d6][%mdl 32]} Rd4 22. Qe3 (22. Qxd4 $2 Qg4 $19) 22... Ne6 (22... Qg4 {with more complications.} 23. g3 Re4 24. f3 Rxe3 25. fxg4 Rxe1 26. Rxe1 Nd3) 23. Ng3 Rb4 24. b3 d4 25. Qd2 Rb5 26. Nf5 f6 27. f4 fxe5 28. fxe5 Rf8 29. Nd6 Rc5 30. b4 Rd5 31. a4 Nf4 ({Better is} 31... d3 $15) 32. Re4 $1 $11 {[%csl LRd4,LRf4]} Qg4 $1 33. Kh1 d3 34. h3 $36 {[%mdl 2048] White is more active.} Qg3 35. Re3 Qh4 36. Rf1 g5 $2 (36... Qe7 $1 $11 {and Black stays safe.}) 37. Kh2 (37. Nxb7 $6 Ne2 $16) (37. Ne4 $1 $18 {[%cal Re4f6]} Rdd8 38. e6 $1 {[%mdl 512]}) 37... Qh6 $16 38. Nxb7 Qg7 39. Nc5 Rxe5 40. Nxd3 Rxe3 41. Qxe3 {[%cal Rd3f4]} Qc3 (41... Nxd3 $16 42. Rxf8+ (42. Qxd3 Rxf1 43. Qxf1 Qe5+ 44. Kh1 Qd4 $16) 42... Qxf8) 42. Rf3 Qxd3 43. Qxd3 Nxd3 44. Rxd3 $18 {[%mdl 4096] Endgame KR-KR} Rf4 45. Rd7 Rxb4 46. Rxa7 Rb3 47. g4 Rb2+ 48. Kg3 Rb3+ 49. Kg2 $1 Rb2+ 50. Kf3 $1 Rb3+ 51. Ke4 Rxh3 {[#]} 52. Kf5 $1 h5 $2 (52... Rc3 $18 53. a5 Kf8) 53. Kg6 {[%cal Ra7a8]} Kf8 54. gxh5 g4 55. Rf7+ Kg8 56. Rb7 $2 (56. Rg7+ {mates} Kf8 57. h6 g3 58. Kh7 Rh1 59. a5 Ra1 60. Rxg3 Rxa5 61. Rf3+ Ke7 62. Kg6) 56... Rf3 {[#]} 57. h6 $2 ({Not} 57. Rb8+ Rf8 $16) (57. Rg7+ $1 $18 Kh8 58. Ra7 (58. Rf7 $2 Rxf7 59. Kxf7 g3 $19)) 57... Rf8 $11 {The position is equal.} 58. Kh5 Rf5+ 59. Kg6 $1 Rf8 60. Kh5 Rf5+ 61. Kh4 Ra5 $1 62. Rg7+ (62. Rb5 {keeps more tension.} Rxa4 63. Rb7 g3+ 64. Kh3 g2 65. h7+) 62... Kh8 63. Rxg4 (63. Kg3 {seems wilder.} Rxa4 64. Rc7 Ra3+ 65. Kg2 Ra2+ 66. Kg3) 63... Kh7 64. Kh3 (64. Rg2 {is more complex.} Kxh6 65. Ra2 Kg7 66. Rg2+ Kf6 67. Rg4) 64... Kxh6 65. Kg3 Kh5 66. Kf3 Ra8 67. Rc4 Kg5 68. Ke4 Kf6 69. Kd5 Ke7 70. Rh4 {And now Kc6 would win.} Kd7 71. Kc5 Ra6 72. Kb5 Rg6 73. Rc4 {Strongly threatening a5.} Rg1 74. a5 {Hoping for a6.} Rb1+ 75. Ka6 {Black must now prevent Ka7.} Rb2 76. Ka7 Rb1 77. a6 Kd8 78. Rc6 {Ka8 is the strong threat.} Kd7 79. Rb6 Rc1 $1 80. Rh6 Rb1 81. Rh2 {aiming for Rc2.} Kc7 82. Rc2+ Kd7 83. Ka8 {Threatens to win with Rc5.} Rb6 84. Ka7 Rb1 {Precision: White = 55%, Black = 67%.} 1/2-1/2

[Event "Budapest Spring Festival 2018"]
[Site "Budapest"]
[Date "2018.04.23"]
[Round "6"]
[White "Torma, Robert"]
[Black "Mihalik, Agoston"]
[Result "1-0"]
[WhiteElo "2473"]
[BlackElo "2168"]
[Annotator "TA"]
[PlyCount "83"]
[EventDate "2018.??.??"]
[EventType "swiss"]
[EventCountry "HUN"]
[SourceTitle "playchess.com"]
[Source "ChessBase"]
[SourceQuality "1"]

{[%evp 27,83,0,12,0,0,0,22,20,13,13,16,16,16,16,8,22,18,20,178,160,317,291,262,159,162,156,303,306,356,412,390,372,520,441,523,529,722,714,709,656,713,690,841,744,744,737,4132,2062,1442,1089,4132,1104,888,715,29981,29982,29979,29978]} 1. d4 Nf6 2. c4 e6 3. g3 c5 4. d5 exd5 5. cxd5 d6 6. Nc3 g6 7. Bg2 Bg7 8. Nf3 O-O 9. O-O Re8 10. Bf4 Ne4 11. Nxe4 Rxe4 12. Nd2 {A62: Modern Benoni: Fianchetto Variation without early ...Nbd7} Rxf4 13. gxf4 Bxb2 14. Rb1 Bg7 {LiveBook: 82 Games} 15. Qb3 (15. e4 Nd7 16. Qf3 b5 17. Rfe1 c4 18. e5 dxe5 19. Rxb5 Ba6 {1-0 (50) Matlakov,M (2684)-Bologan,V (2654) Poikovsky 2016}) 15... Na6 16. e4 {[%cal Be2e4,Be4e5][%mdl 32]} Bh6 $146 ({Predecessor:} 16... Qf6 17. Qg3 Bh6 18. e5 Qxf4 19. Ne4 dxe5 20. Qxf4 Bxf4 {0-1 (53) Protopopova,A (2123)-Obolentseva,A (2283) Voronezh 2017}) 17. Qg3 $1 Nb4 18. Rfd1 Qf6 19. e5 Qxf4 20. Ne4 $36 {[%mdl 2048] White has the initiative.} Bf5 $1 {[%cal Rf5e4]} 21. Nxd6 {[#] Black must now prevent Qxf4.} Bxb1 22. Rxb1 Rd8 $2 (22... Rb8 $11 {and Black has nothing to worry.}) 23. Nxb7 $18 Rxd5 $2 (23... Rf8 $16) 24. Bxd5 Nxd5 25. Nd6 ({Less strong is} 25. Nxc5 Qf5 $16) 25... Nb6 26. Rb3 Nd7 (26... Qd2 $16) 27. Rb7 Qxg3+ 28. hxg3 Nxe5 29. Rxa7 {[%mdl 4096] Endgame KRN-KBN} f5 30. Rc7 Nd3 31. a4 f4 32. a5 {White wants to mate with a6.} Nb4 33. Rc8+ Kg7 34. g4 f3 35. Rxc5 Bf4 36. Ne4 Kf7 37. Rb5 Nc6 38. a6 {[%cal Ba5a6,Ba6a7][%mdl 32]} Ke6 39. Rb7 (39. Nc5+ $142 Kd5 40. Nb7+ Ke4 {[#]} 41. Nd8 $1 {[%mdl 512]}) 39... Ke5 40. Ng3 Bxg3 41. fxg3 Ke4 42. a7 {Precision: White = 82%, Black = 34%.} 1-0

[Event "Budapest Spring Festival 2018"]
[Site "Budapest"]
[Date "2018.04.23"]
[Round "6"]
[White "Costachi, Mihnea"]
[Black "Apaydin, Fethi"]
[Result "0-1"]
[WhiteElo "2462"]
[BlackElo "2337"]
[Annotator "TA"]
[PlyCount "162"]
[EventDate "2018.??.??"]
[EventType "swiss"]
[EventCountry "HUN"]
[SourceTitle "playchess.com"]
[Source "ChessBase"]
[SourceQuality "1"]

{[%evp 24,161,32,24,37,0,44,34,75,86,53,-10,-12,0,145,150,176,150,157,153,170,176,233,232,243,247,207,200,497,325,270,195,202,191,200,195,191,202,468,-229,-254,-195,-250,-220,-258,-522,-513,-864,-837,-807,-775,-962,-617,-618,-611,-560,0,-571,-536,-541,-532,-534,-524,-484,-482,-497,-472,-565,-564,-554,-530,-576,-577,-574,-564,-539,-514,-602,-589,-789,-744,-29969,-29969,-29969,-29971,-11197,-4821,-767,-659,-29959,-29961,-9458,-9631,-5235,-625,-545,0,-29977,-29979,-29979,-29974,-29974,-29974,-29973,-29975,-29973,-29976,-29980,-29977,-29981,-29982,-29982,-29980,-29978,-29980,-29980,-29981,-29981,-29981,-29980,-29978,-29978,-29974,-29985,-29981,-29981,-29982,-29982,-29983,-29986,-29987,-29987,-29988,-29988,-29989,-29992,-29993,-29998,-29999,-29999]} 1. d4 Nf6 2. c4 g6 3. Nc3 Bg7 4. e4 d6 5. h3 O-O 6. Be3 c5 7. d5 e6 8. Bd3 exd5 9. exd5 Na6 10. Nf3 Nc7 {E90: King's Indian: Classical: Early deviations and 6 h3} (10... Bf5 11. Bxf5 gxf5 12. O-O Ne4 13. Nxe4 fxe4 14. Ng5 Qe7 15. Qb1 Rae8 16. h4 h6 17. Nh3 Qxh4 18. Nf4 {0-1 (39) Postny,E (2658)-Jones,G (2623) Berlin 2015}) 11. a4 Na6 12. O-O Nb4 13. Bb1 {LiveBook: 3 Games} b6 14. Nd2 $146 ({Predecessor:} 14. Qd2 Ba6 15. Nb5 Re8 16. Bh6 Bxb5 17. axb5 Ne4 18. Bxe4 Rxe4 19. Bxg7 Kxg7 {1-0 (44) Martinez Martin,D (2399)-Lercel,M (2252) Caleta 2018}) 14... Re8 15. Ra3 a6 16. Bg5 Qc7 17. Qf3 (17. g4 $14) 17... Nd7 $1 $11 18. Qg3 h6 (18... f5 $11) 19. Be3 $1 $16 Ne5 20. Nd1 $1 Nd7 21. f4 $1 Qd8 22. f5 $1 {[%cal Rf5g6]} Be5 (22... Ne5 $142) 23. Qf3 $18 g5 {[#]} 24. h4 $1 {[%mdl 512]} f6 (24... gxh4 25. Qg4+) 25. Qh5 Nf8 $2 (25... Re7 26. Ne4 (26. hxg5 hxg5 27. Bxg5 Qe8 $16) (26. Qxh6 Rh7 $11) 26... Bb7) 26. Ne4 Ra7 27. hxg5 hxg5 28. Bxg5 fxg5 29. f6 Bd4+ 30. Ne3 Re5 $2 (30... Rf7 {was worth a try.}) 31. f7+ $4 {[%mdl 8192]} (31. Nxg5 $18 Rxe3 32. Rxe3 Bxe3+ 33. Kh1 Bxg5 34. Qxg5+ Kh8 35. Qh6+ Nh7 36. f7) 31... Kg7 $19 {[%cal Bg8g7,Bg7f6,Bf6f7][%mdl 32]} 32. Rf6 Qxf6 $1 33. Nxf6 Kxf6 34. Qh6+ $2 (34. Kh2 {was called for.} Rxf7 35. Ng4+ Bxg4 36. Qxg4) 34... Kxf7 35. Qxd6 (35. Kh2 $142 Kg8 36. Nf1) 35... Rae7 36. Qh6 Rxe3 37. Rxe3 Rxe3 38. Qh5+ Kf6 {...Rh3+ is the strong threat.} 39. Qh6+ Kf7 40. Qh5+ Ke7 {aiming for ...Rh3+.} 41. Qxg5+ Kf7 42. Qh5+ {[#]} Kg8 $1 {( -> ...Rh3+)} 43. Qg5+ {[#]} Bg7 $1 {Threatens to win with ...Re1+.} ({Resist} 43... Kf7 44. Qh5+ Ke7 45. Qg5+ Ke8 46. Kf1 $19) 44. Kf1 Re8 45. g4 Bd7 46. b3 b5 47. axb5 axb5 48. Qf4 bxc4 49. bxc4 Re7 50. Qd6 Rf7+ 51. Kg2 Bd4 52. g5 Bf5 53. Bxf5 Rxf5 54. Qe7 Rf7 55. Qe4 Rg7 56. d6 Rxg5+ 57. Kf3 Rg7 58. Ke2 Rd7 59. Qg4+ Rg7 $2 (59... Bg7 $19 60. Qh5 Bd4 61. Qg5+ Rg7) 60. Qf5 $2 {[%mdl 8192]} (60. Qe4 $11 Rg6 61. Kd1) 60... Rg2+ {Black mates.} 61. Kd1 Be3 62. d7 Rd2+ 63. Ke1 Rxd7 64. Qg4+ Rg7 65. Qf5 Bd4 66. Kd2 Rg2+ 67. Kd1 Kg7 68. Qe4 Rf2 69. Qe7+ Kg6 70. Qe4+ Kg5 71. Qe7+ Kg4 72. Qe4+ Kg3 73. Qd3+ Kg2 74. Qe4+ Kg1 75. Qg4+ Rg2 76. Qh4 Nc2 77. Kc1 Ng6 78. Qh5 Ne3 79. Kb1 Nf4 80. Qf3 Rb2+ 81. Ka1 Nc2# {Precision: White = 55%, Black = 57%.} 0-1

[Event "Budapest Spring Festival 2018"]
[Site "Budapest"]
[Date "2018.04.23"]
[Round "6"]
[White "Abdumalik, Zhansaya"]
[Black "Boruchovsky, Avital"]
[Result "1/2-1/2"]
[WhiteElo "2443"]
[BlackElo "2559"]
[Annotator "TA"]
[PlyCount "40"]
[EventDate "2018.??.??"]
[EventType "swiss"]
[EventCountry "HUN"]
[SourceTitle "playchess.com"]
[Source "ChessBase"]
[SourceQuality "1"]

{[%evp 24,40,12,12,12,12,12,12,12,12,12,12,12,12,18,12,16,9,80]} 1. e4 e5 2. Nf3 Nc6 3. Bb5 Nf6 4. O-O Nxe4 5. Re1 Nd6 {[%cal Be4d6,Bd6e8,Be8c7][%mdl 32]} 6. Nxe5 Be7 7. Bf1 Nxe5 8. Rxe5 O-O 9. Nc3 {C67: Ruy Lopez: Berlin Defence: 4 0-0 Nxe4} Ne8 10. Nd5 Bd6 11. Re1 c6 12. Ne3 Be7 13. c4 {LiveBook: 35 Games. The position is equal.} Nc7 14. d4 d5 15. cxd5 Bb4 16. Bd2 Bxd2 17. Qxd2 {White wants to play dxc6.} Nxd5 18. Nxd5 Qxd5 {[#]} 19. Re5 $146 Qd6 20. Bc4 Be6 (20... Bg4 $11) 1/2-1/2

[Event "Budapest Spring Festival 2018"]
[Site "Budapest"]
[Date "2018.04.23"]
[Round "6"]
[White "Astaneh Lopez, Alex"]
[Black "Molchanov, Oleksii"]
[Result "1-0"]
[WhiteElo "2442"]
[BlackElo "2357"]
[Annotator "TA"]
[PlyCount "93"]
[EventDate "2018.??.??"]
[EventType "swiss"]
[EventCountry "HUN"]
[SourceTitle "playchess.com"]
[Source "ChessBase"]
[SourceQuality "1"]

{[%evp 24,93,35,37,31,6,40,29,59,48,61,42,30,43,37,35,27,18,20,10,22,14,26,0,7,0,0,0,0,0,0,0,0,-1,0,0,126,126,126,122,120,130,191,175,157,137,103,128,296,266,276,135,158,0,301,308,287,288,268,264,432,430,591,582,787,768,1400,1348,1820,1525,29989,29987]} 1. d4 d5 2. Nf3 Nf6 3. c4 e6 4. g3 Bb4+ 5. Bd2 Be7 6. Bg2 O-O 7. Qc2 c6 8. O-O Nbd7 9. Bf4 b6 10. Nbd2 Bb7 11. e4 {E08: Closed Catalan: Main Line: 7 Qc2} Rc8 (11... dxe4 12. Nxe4 Nxe4 13. Qxe4 Nf6 14. Qe2 c5 15. Rfd1 cxd4 16. Nxd4 Qc8 17. Bxb7 Qxb7 18. Qf3 Qxf3 19. Nxf3 Rfc8 20. b3 Kf8 21. Ne5 {½-½ (29) Postny,E (2636)-Vitiugov,N (2739) Tsaghkadzor 2015}) 12. e5 Ne8 13. cxd5 {LiveBook: 3 Games. White is slightly better.} cxd5 14. Qa4 (14. Qd3 {with more complications.} Qc7 15. h4 h6 16. Qb1 Qc2 17. Rc1) 14... Bc6 15. Qb3 {[#]} Nb8 $146 ({Predecessor:} 15... Nc7 16. Rfc1 Nb8 17. Nf1 Qd7 18. a4 Nca6 19. Bd2 Bb7 20. Ne3 Rxc1+ 21. Rxc1 Rc8 22. Rxc8+ Qxc8 23. Nc2 Nc6 24. Nfe1 Qd7 25. Nd3 Nc7 {½-½ (25) Jedrzejowski,M (2459)-Cimmino,P (2515) Poland corr 1999}) 16. Rfc1 Qd7 17. Bf1 Nc7 18. a3 Ba4 19. Qd3 a6 20. Bg5 Bb5 21. Qb1 Bxf1 22. Nxf1 h6 23. Bd2 Nb5 24. h4 Rxc1 25. Bxc1 Rc8 26. Bd2 Na7 27. g4 Qa4 28. g5 hxg5 29. hxg5 Qc2 (29... Nd7 $11 {remains equal.}) 30. Qxc2 $1 $16 Rxc2 {[#]} 31. Bc3 $1 Nb5 32. Ne3 Re2 (32... Rxc3 $16 33. bxc3 Nxa3) 33. Rc1 $18 Kh7 34. a4 Nxc3 35. Rxc3 Bb4 $2 (35... Rxb2 $16 36. Rc8 Kg6) 36. Rb3 Be1 37. Nd1 (37. Rxb6 $18 {has better winning chances.} Nd7 38. Rb7) 37... Ba5 {[#]} 38. Ne3 (38. g6+ $1 $16 Kxg6 39. Ne3) 38... Be1 $1 {[%cal Re1f2]} 39. Rxb6 Nd7 40. Rb7 Nf8 41. Ng4 ({Much less strong is} 41. Rxf7 $6 Bb4 $16) 41... Re4 $2 (41... Bd2 {keeps fighting.} 42. Rxf7 Kg8) 42. Ne3 Ba5 43. b4 {[%cal Bb2b4,Bb4b5,Bb5a6][%mdl 32]} Bd8 44. a5 Kg6 45. b5 Bxg5 46. bxa6 Rxe5 47. dxe5 {Precision: White = 70%, Black = 35%.} 1-0

[Event "Budapest Spring Festival 2018"]
[Site "Budapest"]
[Date "2018.04.23"]
[Round "6"]
[White "Kozak, Adam"]
[Black "Szalanczy, Emil"]
[Result "1-0"]
[WhiteElo "2440"]
[BlackElo "2217"]
[Annotator "TA"]
[PlyCount "83"]
[EventDate "2018.??.??"]
[EventType "swiss"]
[EventCountry "HUN"]
[SourceTitle "playchess.com"]
[Source "ChessBase"]
[SourceQuality "1"]

{[%evp 24,83,60,31,54,42,68,63,87,88,120,84,133,99,144,109,147,147,155,155,122,130,158,83,155,66,175,180,178,182,191,156,239,190,302,300,350,351,491,408,427,416,401,402,475,490,892,890,882,805,637,615,735,711,727,579,1248,1260,29987,29988,29987,29982]} 1. Nf3 Nf6 2. c4 g6 3. Nc3 Bg7 4. e4 d6 5. d4 O-O 6. Be2 e5 7. O-O Nc6 8. Be3 Ng4 9. Bg5 f6 10. Bh4 g5 11. Bg3 Nh6 12. dxe5 fxe5 13. Nd5 {LiveBook: 9 Games. E97: King's Indian: Classical Main Line (6...e5 7 0-0 Nc6): 8 Be3 and 8 d5 Ne7, not 9 Ne1} (13. h3 g4 14. hxg4 Bxg4 15. Ne1 Be6 16. Nc2 Kh8 17. Nd5 Qd7 18. Qd3 Ne7 19. Rad1 Ng6 20. Qd2 Rad8 21. Bh5 {½-½ (37) Ghaem Maghami,E (2596)-Grischuk,A (2774) Berlin 2015}) 13... Be6 14. Rc1 Nf7 15. h3 {White is slightly better.} Kh8 $146 ({Predecessor:} 15... Nh8 16. c5 Ng6 17. Nxc7 Qxc7 18. Nxg5 Nd4 19. Nxe6 Nxe6 20. Qd5 Qf7 {½-½ (46) Arakhamia Grant,K-Brustman,A (2395) Tskhaltubo 1988}) 16. c5 a5 17. a3 Rg8 18. Qb3 Ra7 19. Rfd1 Nd4 20. Nxd4 exd4 21. Bg4 Bxg4 22. hxg4 {Threatens to win with Nxc7!} c6 23. Nb6 (23. Ne3 $142) 23... Rf8 ({Black should try} 23... dxc5 24. Qxf7 (24. Rxc5 Qe7 $11) 24... Qxb6) 24. Na4 (24. cxd6 $16 {Black must now prevent d7.} Nxd6 25. f3) 24... Qe7 (24... Be5 $14) 25. Qb6 $36 {[%mdl 2048] White is on the roll.} Raa8 26. cxd6 Nxd6 27. Qc5 Nc8 (27... Rad8 $16) 28. e5 Qe6 (28... Re8 $142 29. Qxd4 (29. Rxd4 b5 $16) 29... Bxe5 30. Bxe5+ Qxe5 31. Qxe5+ Rxe5) 29. Qxd4 Ne7 30. Nc5 Qa2 31. Nxb7 Nd5 32. Ra1 Qb3 33. Nc5 Qc2 34. Ne6 Nf4 (34... Rfc8 $142 35. Nxg5 Qg6) 35. Bxf4 gxf4 36. Nxf8 Rxf8 37. Rac1 Qg6 38. f3 Qg5 39. Qe4 h5 40. Rxc6 Rd8 41. Rxd8+ Qxd8 42. gxh5 {Precision: White = 61%, Black =  6%.} 1-0

[Event "Budapest Spring Festival 2018"]
[Site "Budapest"]
[Date "2018.04.23"]
[Round "6"]
[White "Carlstedt, Jonathan"]
[Black "Zentai, Peter"]
[Result "0-1"]
[WhiteElo "2432"]
[BlackElo "2304"]
[Annotator "TA"]
[PlyCount "54"]
[EventDate "2018.??.??"]
[EventType "swiss"]
[EventCountry "HUN"]
[SourceTitle "playchess.com"]
[Source "ChessBase"]
[SourceQuality "1"]

{[%evp 19,54,0,3,-78,-31,-128,-134,-123,-114,-164,-147,-137,-153,-164,-118,-268,-214,-368,-364,-464,-503,-529,-395,-629,-612,-652,-412,-398,-391,-575,-535,-1363,-1363,-1327,-1325,-1279,-1302]} 1. d4 d5 2. Bf4 Nf6 3. e3 c5 4. c3 Nc6 5. Nd2 e6 6. Ngf3 cxd4 7. exd4 {D02: 1 d4 d5 2 Nf3 sidelines, including 2...Nf6 3 g3 and 2...Nf6 3 Bf4} Nh5 8. Be3 Bd6 9. Ne5 (9. Bd3 Nf4 10. Bxf4 Bxf4 11. O-O O-O 12. Re1 Bd7 13. Ne5 Nxe5 14. dxe5 g6 {1-0 (104) Vidit,S (2715)-Aronian,L (2805) Riadh 2017}) 9... g6 10. g4 Ng7 {LiveBook: 10 Games} 11. Bh6 (11. h4 $11 {keeps the balance.}) 11... O-O $146 ({Predecessor:} 11... Rg8 12. Qe2 f6 13. Nd3 e5 14. Bg2 Be6 {½-½ (50) Real,T (2178)-Tomov,G (2273) Charleroi 2017}) 12. Ndf3 {[#]} ({White should play} 12. h4 $15) 12... f6 $1 {[%cal Rf6e5]} 13. Nxc6 bxc6 {[%cal Bb7c6,Bc6c5][%mdl 32]} 14. Be2 e5 15. Qa4 Bd7 ({But not} 15... Bxg4 16. Qxc6 Re8 17. Qxd5+ Be6 18. Qe4 $15 (18. Qb7 Nf5 $17)) 16. O-O-O Qc7 17. h4 {[#]} (17. dxe5 $17 fxe5 18. Rhf1) 17... c5 $1 $19 18. Qb3 $2 (18. Qc2 cxd4 19. h5 dxc3 20. Qxc3) 18... cxd4 ({Weaker is} 18... c4 19. Qc2 $17) 19. Bxg7 Kxg7 20. Qxd5 Rac8 21. Rd3 (21. h5 $142 dxc3 22. Rd3 cxb2+ 23. Kxb2) 21... Bc6 22. Qc4 Be4 23. Qxc7+ Rxc7 ({Resist} 23... Bxc7 24. cxd4 f5 25. gxf5 $19) 24. Rd2 (24. Rhd1 {was called for.}) 24... Bb4 {Black is clearly winning.} 25. Rhd1 {[#] intending Nxd4!} Rxc3+ $1 {[%mdl 512]} 26. bxc3 Ba3+ 27. Rb2 dxc3 {Precision: White = 11%, Black = 81%.} 0-1

[Event "Budapest Spring Festival 2018"]
[Site "Budapest"]
[Date "2018.04.23"]
[Round "6"]
[White "Tomazini, Zan"]
[Black "Turov, Maxim"]
[Result "1-0"]
[WhiteElo "2424"]
[BlackElo "2610"]
[Annotator "TA"]
[PlyCount "55"]
[EventDate "2018.??.??"]
[EventType "swiss"]
[EventCountry "HUN"]
[SourceTitle "playchess.com"]
[Source "ChessBase"]
[SourceQuality "1"]

{[%evp 19,55,23,13,4,3,0,18,5,19,10,23,24,24,22,24,20,69,61,120,116,205,206,201,182,194,197,185,120,251,257,264,266,266,264,257,257,234,220]} 1. e4 c6 2. d4 d5 3. exd5 cxd5 4. c4 Nf6 5. Nc3 Nc6 6. Bg5 Ne4 7. Nxe4 {B13: Caro-Kann: Exchange Variation and Panov-Botvinnik Attack} dxe4 8. d5 Ne5 9. Qd4 f6 10. Qxe4 Qb6 {LiveBook: 16 Games} 11. Ne2 $146 ({Predecessor:} 11. Bd2 Qxb2 12. Rd1 g6 {½-½ (12) Zhigalko,A (2584)-Khenkin,I (2594) Bad Wiessee 2015}) 11... Ng4 12. Be3 Nxe3 13. fxe3 e5 14. dxe6 Qxb2 15. Rb1 Qe5 $1 {[%cal Re5e4]} ({Don't blunder} 15... Qxa2 $2 16. Rxb7 Bxb7 17. Qxb7 $18) 16. Qxe5 fxe5 17. Nc3 Bc5 18. Nd5 $36 {[%mdl 2048] Black is under pressure.} Kd8 ({Better is} 18... Bd6 $14) 19. Bd3 $16 Rb8 {[#]} (19... Rf8 $16) 20. Bf5 $1 $18 b6 21. O-O Rb7 22. Rbd1 {Threatens to win with Be4.} Ke8 23. e7 (23. Kf2 $18) 23... Bd7 {[#]} (23... Bxf5 $16 {might work better.} 24. Rxf5 Bxe7) 24. Bxh7 $1 {[%cal Rh7g6]} Bxe7 25. Bg6+ Kd8 26. Nxe7 Kxe7 27. Rf7+ Ke6 28. e4 {Precision: White = 97%, Black = 30%.} 1-0